000 00474nam a2200181Ia 4500
005 20250423095331.0
008 250422s9999 xx 000 0 und d
020 _a9780330418829
050 _aPR 6051.R285 .F35/
100 _aArcher, Jeffrey
245 0 _aFalse impression
260 _aLondon
260 _bPan Books
260 _c2006
300 _a450 p
650 _a Missing persons--Fiction. Art thefts--Fiction. Revenge--Fiction.
942 _cBK
999 _c29958
_d29958